| 000 -LEADER |
| fixed length control field |
01423pam a2200253 a 4500 |
| 001 - CONTROL NUMBER |
| control field |
1561585 |
| 003 - CONTROL NUMBER IDENTIFIER |
| control field |
OSt |
| 005 - DATE AND TIME OF LATEST TRANSACTION |
| control field |
20140513125918.0 |
| 008 - FIXED-LENGTH DATA ELEMENTS--GENERAL INFORMATION |
| fixed length control field |
921026r19931963mau b 001 0 eng |
| 010 ## - LIBRARY OF CONGRESS CONTROL NUMBER |
| LC control number |
92038884 |
| 020 ## - INTERNATIONAL STANDARD BOOK NUMBER |
| International Standard Book Number |
9780807042052 |
| 041 1# - LANGUAGE CODE |
| Language code of text/sound track or separate title |
eng |
| Language code of original and/or intermediate translations of text |
ger |
| 050 00 - LIBRARY OF CONGRESS CALL NUMBER |
| Classification number |
BL60.W43 1993 |
| 100 1# - MAIN ENTRY--PERSONAL NAME |
| Personal name |
Weber, Max, |
| Dates associated with a name |
1864-1920. |
| 245 14 - TITLE STATEMENT |
| Title |
The sociology of religion / |
| Statement of responsibility, etc |
Max Weber ; introduction by Talcott Parsons with a new foreword by Ann Swidler. |
| 260 ## - PUBLICATION, DISTRIBUTION, ETC. (IMPRINT) |
| Place of publication, distribution, etc |
Boston : |
| Name of publisher, distributor, etc |
Beacon Press, |
| Date of publication, distribution, etc |
1993. |
| 300 ## - PHYSICAL DESCRIPTION |
| Extent |
lxxvii, 304 p. ; |
| Dimensions |
21 cm. |
| 504 ## - BIBLIOGRAPHY, ETC. NOTE |
| Bibliography, etc |
Includes bibliographical references and index. |
| 505 ## - FORMATTED CONTENTS NOTE |
| Formatted contents note |
The rise of Religions -- Gods, magicians, and priests -- The idea of God, religious ethics, and taboo -- The prophet -- The religious congregation, preaching, and pastoral care -- Castes, estates, classes, and religion -- Religion of non-privileged classes -- Intellectaulism, intellectuals, and the history of religion -- Theodicity, salvation and rebirth -- The different roads to salvation -- Asceticism, mysticism, and salvation religion -- Soteriology and types of salvation -- religious ethics, the world order, and culture. |
| 650 #0 - SUBJECT ADDED ENTRY--TOPICAL TERM |
| Topical term or geographic name as entry element |
Religion and sociology. |
| 856 42 - ELECTRONIC LOCATION AND ACCESS |
| Materials specified |
Publisher description |
| Uniform Resource Identifier |
<a href="http://www.loc.gov/catdir/description/hm031/92038884.html">http://www.loc.gov/catdir/description/hm031/92038884.html</a> |
| 942 ## - ADDED ENTRY ELEMENTS (KOHA) |
| Source of classification or shelving scheme |
|
| Koha item type |
Book |